Countries That Have Changed Their Name In The Last 50 Years. - Statistics

General Stats
  • This quiz has been taken 1,035 times
    593 since last reset
  • The average score is 16 of 25
Answer Stats
Previous Name Current Name % Correct
Czechoslovakia Czech Republic,Slovakia
93%
Yugoslavia Serbia,Montenegro,Bosnia,FYROM,Croatia,Slovenia
88%
Burma Myanmar
87%
Byelorussia Belarus
83%
Central African Empire Central African Republic
83%
East Pakistan Bangladesh
82%
British Guiana Guyana
82%
Swaziland eSwatini
76%
Zaire D.R.Congo
75%
Portuguese Guinea Guinea Bissau
75%
Dutch Guiana Suriname
75%
British Honduras Belize
73%
Spanish Guinea Equatorial Guinea
71%
Western Samoa Samoa
70%
Ceylon Sri Lanka
70%
Rhodesia Zimbabwe
69%
Kampuchea Cambodia
62%
Gilbert Islands Kiribati
48%
Upper Volta Burkina Faso
46%
Bechuanaland Botswana
44%
Dahomey Benin
42%
Ellice Islands Tuvalu
40%
New Hebrides Vanuatu
40%
Basutoland Lesotho
38%
Territory of the Afars and the Issas Djibouti
23%
No matching quizzes found
Score Distribution
Percent of People with Each Score
Percentile by Number Answered
Your Score History
You have not taken this quiz since the last reset